| 000 | 00713cab a2200241 4500 | ||
|---|---|---|---|
| 001 | WB3038-25 | ||
| 008 | 090401t1994 xxu||||| |||| 00| 0 eng d | ||
| 035 | _a(Sirsi) u66632 | ||
| 041 | _aeng | ||
| 245 | _aAccess for disabled | ||
| 260 | _c1994 | ||
| 350 | _a0 | ||
| 490 |
_aContract Journal _v375(5995) 6 October 1994, 10(1) |
||
| 520 | _aA consultation paper to review Part M of the Building Regulations on accessibility for the disabled is expected in December 1994. | ||
| 650 | _aACCESS | ||
| 650 | _aBUILDING REGULATIONS PART M | ||
| 650 | _aDISABLED PEOPLE | ||
| 650 | _aDOMESTIC PROPERTY | ||
| 650 |
_aRESIDENTIAL PROPERTY _96266 |
||
| 690 | _aHOUSING | ||
| 942 | _n0 | ||
| 948 | _c04/03/1997 | ||
| 999 |
_c41617 _d41617 |
||